Native American discourse : poetics and rhetoric /

Bibliographic Details
Other Authors: Sherzer, Joel, Woodbury, Anthony C.
Format: Book
Language:English
Published: Cambridge [Cambridgeshire] ; New York : Cambridge University Press, 1987.
Series:Cambridge studies in oral and literate culture ; 13.
Subjects:

MARC

Tag First Indicator Second Indicator Subfields
LEADER 00000cam a2200000 a 4500
001 in00000010727
005 20151007051432.0
008 861022s1987 enka b 00100 eng
010 |a  86028382  
020 |a 0521329361 
035 |a (OCoLC)14693236 
035 |9 AAA2954AM 
040 |a DLC  |c DLC  |d TXA  |d UtOrBLW 
049 |a TXAM  |c [A12564122] 
050 0 0 |a PM155  |b .N38 1987 
082 0 |a 897  |2 19 
245 0 0 |a Native American discourse :  |b poetics and rhetoric /  |c edited by Joel Sherzer and Anthony C. Woodbury. 
264 1 |a Cambridge [Cambridgeshire] ;  |a New York :  |b Cambridge University Press,  |c 1987. 
300 |a x, 246 pages :  |b illustrations ;  |c 24 cm. 
336 |a text  |b txt  |2 rdacontent 
337 |a unmediated  |b n  |2 rdamedia 
338 |a volume  |b nc  |2 rdacarrier 
490 1 |a Cambridge studies in oral and literate culture ;  |v 13 
504 |a Includes bibliographies and indexes. 
650 0 |a Indian literature  |x History and criticism. 
650 0 |a Indians of North America  |x Languages  |x Discourse analysis. 
650 0 |a Indians of Central America  |x Languages  |x Discourse analysis. 
700 1 |a Sherzer, Joel. 
700 1 |a Woodbury, Anthony C. 
830 0 |a Cambridge studies in oral and literate culture ;  |v 13. 
999 |a MARS 
999 f f |s 68d2ce86-5d60-3818-a586-0dc059b2f949  |i f3c10a5b-53f1-32bc-8189-4a242b82b5ab  |t 0 
952 f f |p normal  |a Texas A&M University  |b College Station  |c Sterling C. Evans Library  |d Evans: Library Stacks  |t 0  |e PM155 .N38 1987  |h Library of Congress classification  |i unmediated -- volume  |m A14812564122 
998 f f |a PM155 .N38 1987  |t 0  |l Evans: Library Stacks